000 00927nam a2200181 i 4500
003 IT-RoINE
005 20200622052225.0
008 930725s1860 sp r 000|||spa d
040 _aSpMaBN
_cIT-RoINE
_dSpMaBN
_dIT-RoINE
100 0 _910545
_aFernando
_bIV,
_cRey de Castilla,
_d1285-1312
245 1 0 _aMemorias de D. Fernando IV de Castilla.
260 _aMadrid :
_bImprenta de José Rodriguez,
_c1860.
300 _a2 v., h. de lám. pleg. ;
_c27 cm.
505 0 _aT. I: Contiene la crónica de dicho Rey, copiada de un códice existene en la Biblioteca Nacional / anotada y ampliamente ilustrada por Antonio Benavides... (CXVII,696 p.) -- T. II: Contiene la colección diplomática que comprueba la crónica / arreglada y anotada por Antonio Benavides... (912 p.)
651 4 _aCastilla (Reino)
_xHistoria
_y1295-1312 (Fernando IV)
_vRelatos personales
_967832
700 1 _910544
_aBenavides, Antonio,
_d1808-1884
942 _cMTS
999 _c4986
_d4986